000 00551nam a2200229Ia 4500
003 OSt
005 20220923230527.0
006 a|||||r|||| 00| 0
007 ta
008 Pun
024 _a282,761
037 _cTextual
040 _aARTS
_cARTS
_bPun
041 _2Pun
_aPun
082 _aO153,3NJIx, N2
100 _aਜਿੰਦਰ
245 0 _aਕਰੂੰਬਲਾਂ
260 _c1992
650 _aਪੰਜਾਬੀ ਸਾਹਿਤ
942 _hO153,3NJIx, N2
_cTEXL
_2CC
999 _c385455
_d385455